| 000 -LEADER |
| fixed length control field |
01557 a2200313 4500 |
| 003 - CONTROL NUMBER IDENTIFIER |
| control field |
Nust |
| 005 - DATE AND TIME OF LATEST TRANSACTION |
| control field |
20221102151116.0 |
| 010 ## - LIBRARY OF CONGRESS CONTROL NUMBER |
| LC control number |
2011009912 |
| 020 ## - INTERNATIONAL STANDARD BOOK NUMBER |
| International Standard Book Number |
9780071317061 |
| 020 ## - INTERNATIONAL STANDARD BOOK NUMBER |
| International Standard Book Number |
9780073529578 |
| 035 ## - SYSTEM CONTROL NUMBER |
| System control number |
(DE-599)GBV656697059 |
| 040 ## - CATALOGING SOURCE |
| Transcribing agency |
Nust |
| 082 00 - DEWEY DECIMAL CLASSIFICATION NUMBER |
| Classification number |
621.3192,HAY |
| 100 1# - MAIN ENTRY--PERSONAL NAME |
| Personal name |
Hayt, William Hart |
| 9 (RLIN) |
101313 |
| 245 10 - TITLE STATEMENT |
| Title |
Engineering circuit analysis / |
| Statement of responsibility, etc. |
William H. Hayt, Jr., Jack E. Kemmerly, Steven M. Durbin |
| 250 ## - EDITION STATEMENT |
| Edition statement |
8th ed |
| 260 3# - PUBLICATION, DISTRIBUTION, ETC. |
| Place of publication, distribution, etc. |
New York : |
| Name of publisher, distributor, etc. |
McGraw-Hill, |
| Date of publication, distribution, etc. |
c2012 |
| 300 ## - PHYSICAL DESCRIPTION |
| Extent |
XXI, 852 S. |
| 505 ## - FORMATTED CONTENTS NOTE |
| Formatted contents note |
Introduction (Page-1), Basic Components and Electric Circuits (Page-9), Voltage and Current Laws (Page-39), Basic Nodal and Mesh Analysis (Page-79), Handy Circuit Analysis Techniques (Page-123), The Operational Amplifier (Page-175), Capacitors and Inductors (Page-217), Basic RC and RL Circuits (Page-261), The RLC Circuit(Page-321), Sinusoidal Steady-State Analysis (Page-371), AC Circuit Power Analysis (Page-421),Polyphone Circuits (Page-457), Magnetically Coupled Circuits (Page-493), Circuit Analysis in the s-Domain (Page-533), Frequency Response (Page-571), Two-Port Networks (Page-687), Fourier Circuit Analysis (Page-733). |
| 650 #0 - SUBJECT ADDED ENTRY--TOPICAL TERM |
| Topical term or geographic name entry element |
Electric circuit analysis |
| 9 (RLIN) |
2075 |
| 650 #0 - SUBJECT ADDED ENTRY--TOPICAL TERM |
| Topical term or geographic name entry element |
Electric circuit analysis |
| 9 (RLIN) |
2075 |
| 650 #0 - SUBJECT ADDED ENTRY--TOPICAL TERM |
| Topical term or geographic name entry element |
Electric network analysis |
| 9 (RLIN) |
10704 |
| 650 #0 - SUBJECT ADDED ENTRY--TOPICAL TERM |
| Topical term or geographic name entry element |
Electric networks |
| 9 (RLIN) |
41311 |
| 650 #0 - SUBJECT ADDED ENTRY--TOPICAL TERM |
| Topical term or geographic name entry element |
Elektriska n�t |
| 9 (RLIN) |
102270 |
| 650 #0 - SUBJECT ADDED ENTRY--TOPICAL TERM |
| Topical term or geographic name entry element |
Kretsanalys |
| 9 (RLIN) |
102271 |
| 700 1# - ADDED ENTRY--PERSONAL NAME |
| Personal name |
Durbin, Steven M. |
| 9 (RLIN) |
2078 |
| 700 1# - ADDED ENTRY--PERSONAL NAME |
| Personal name |
Kemmerly, Jack Ellsworth |
| Dates associated with a name |
1924- |
| 9 (RLIN) |
102272 |
| 942 ## - ADDED ENTRY ELEMENTS (KOHA) |
| Source of classification or shelving scheme |
|
| Koha item type |
Book |